Účtovanie postúpenia pohľadávky
O postúpení pohľadávok pojednáva Občiansky zákonník v 524 až 530. Zmluva o postúpení (odkúpení) pohľadávky sa uzatvára medzi postupníkom a postupcom. Účtovanie postúpenia pohľadávky. Účtovanie u postupcu. Účtovanie postúpenej pohľadávky u postupníka.
Salvato in:
| Autore principale: | |
|---|---|
| Altri autori: | |
| Natura: | Capitolo di libro |
| Lingua: | slovacco |
| Soggetti: | |
| Tags: |
Nessun Tag, puoi essere il primo ad aggiungerne!!
|
MARC
| LEADER | 00000naa a2200000 4500 | ||
|---|---|---|---|
| 001 | r033509 | ||
| 005 | 20230912112649.3 | ||
| 041 | 0 | |a slo | |
| 044 | |a SK | ||
| 245 | 1 | 0 | |a Účtovanie postúpenia pohľadávky |c Marta Gampe, Mária Takátsová |
| 520 | |a O postúpení pohľadávok pojednáva Občiansky zákonník v 524 až 530. Zmluva o postúpení (odkúpení) pohľadávky sa uzatvára medzi postupníkom a postupcom. Účtovanie postúpenia pohľadávky. Účtovanie u postupcu. Účtovanie postúpenej pohľadávky u postupníka. | ||
| 610 | 2 | 0 | |a pohľadávky |
| 610 | 2 | 0 | |a účtovanie |
| 610 | 2 | 0 | |a účty |
| 610 | 2 | 0 | |a odpisy |
| 610 | 2 | 0 | |a zúčtovanie |
| 610 | 2 | 0 | |a inkaso |
| 610 | 2 | 0 | |a dlžníci |
| 100 | 1 | |a Gampe, Marta | |
| 700 | 1 | |a Takátsová, Mária | |